00511nam a2200145Ia 4500008004100000041000800041082001500049100001500064245004400079260006200123300003100185365001100216999001700227952012100244240624s9999 xx 000 0 und d aeng a005.25 RIL aRILEY MIKE aDEVELOPING ANDROID ON ANDROID AUTOMATED c2014aNew DelhibShroff Publishers & Distributors Pvt Ltd axvi, : 210 : p. : cm. ; 22 cRSb30 c27015d27015 00104070aIMTNbIMTNcRack 3-Ad2016-03-23eBWNg350.00o005.25 RILp27015r2024-06-24 00:00:00t1w2024-06-24yBK